Travelling between U.S. States - Randomized - Statistics

General Stats
  • This quiz has been taken 647 times
  • The average score is 15 of 16
Answer Stats
Start State crossed End % Correct
Florida Alabama Mississippi
100%
Georgia Alabama | Tennessee Mississippi
100%
Pennsylvania Maryland | West Virginia Virginia
100%
California Nevada | Oregon Idaho
100%
Pennsylvania New York Vermont
100%
South Carolina North Carolina Virginia
100%
Nevada Arizona New Mexico
98%
Ohio Kentucky | West Virginia Virginia
98%
Delaware Maryland Virginia
98%
Idaho Montana | Wyoming South Dakota
98%
Minnesota North Dakota | South Dakota Montana
98%
Kansas Oklahoma Texas
98%
North Carolina Virginia West Virginia
98%
California Arizona | Nevada Utah
97%
Nevada Idaho | Oregon Washington
97%
Illinois Iowa South Dakota
97%
Minnesota Iowa Missouri
97%
Tennessee Kentucky | Virginia West Virginia
97%
Arkansas Tennessee Virginia
97%
Maryland Virginia Tennessee
97%
Kansas Colorado | Nebraska Wyoming
96%
Nebraska Colorado | Wyoming Utah
96%
Washington Idaho Wyoming
96%
Indiana Kentucky Virginia
96%
Indiana Kentucky Tennessee
96%
Iowa Nebraska | South Dakota Wyoming
96%
New Mexico Colorado Wyoming
95%
Florida Georgia South Carolina
95%
Florida Georgia North Carolina
95%
Kentucky Illinois Wisconsin
95%
Minnesota Iowa | South Dakota Nebraska
95%
Colorado Kansas | Nebraska | Oklahoma Missouri
95%
Illinois Kentucky | Missouri Tennessee
95%
Delaware Maryland | Pennsylvania West Virginia
95%
Iowa Minnesota | South Dakota North Dakota
95%
Illinois Missouri Kansas
95%
North Dakota Montana | South Dakota Wyoming
95%
Maine New Hampshire Vermont
95%
Arizona New Mexico Texas
95%
Colorado New Mexico | Oklahoma Texas
95%
Arizona New Mexico | Utah Colorado
95%
Connecticut New York Pennsylvania
95%
New Jersey New York Vermont
95%
Michigan Ohio Pennsylvania
95%
Missouri Oklahoma New Mexico
95%
Maryland Pennsylvania | West Virginia Ohio
95%
Alabama Tennessee Virginia
95%
Idaho Wyoming Nebraska
95%
Florida Alabama | Georgia Tennessee
94%
Oklahoma Colorado Utah
94%
Nebraska Colorado | Kansas | Missouri Oklahoma
94%
Illinois Iowa | Missouri Nebraska
94%
New Hampshire Massachusetts Rhode Island
94%
Alabama Mississippi Louisiana
94%
Iowa Missouri | Nebraska Kansas
94%
Idaho Montana North Dakota
94%
Colorado Nebraska Iowa
94%
Michigan Ohio West Virginia
94%
Nebraska South Dakota North Dakota
94%
Arizona Utah Wyoming
94%
Maryland Virginia North Carolina
94%
Oklahoma Arkansas | Missouri Tennessee
93%
Arizona California | Nevada Oregon
93%
Kansas Colorado | Oklahoma New Mexico
93%
South Carolina Georgia | North Carolina Tennessee
93%
Oregon Idaho Wyoming
93%
Nevada Idaho | Utah Wyoming
93%
Montana Idaho | Wyoming Utah
93%
Missouri Iowa | Nebraska South Dakota
93%
Illinois Iowa | Wisconsin Minnesota
93%
Missouri Kentucky | Tennessee Virginia
93%
Connecticut Massachusetts | New York Vermont
93%
New Hampshire Massachusetts | Vermont New York
93%
Massachusetts New York New Jersey
93%
Indiana Ohio Pennsylvania
93%
New York Pennsylvania West Virginia
93%
Colorado Utah Nevada
93%
Colorado Utah | Wyoming Idaho
93%
Minnesota Wisconsin Michigan
93%
Mississippi Arkansas Oklahoma
92%
Mississippi Arkansas | Louisiana Texas
92%
Nebraska Colorado New Mexico
92%
Alabama Georgia South Carolina
92%
Alabama Georgia | Tennessee North Carolina
92%
Indiana Illinois Iowa
92%
Missouri Kentucky Ohio
92%
Missouri Nebraska Wyoming
92%
Arizona Nevada | Utah Idaho
92%
Maine New Hampshire Massachusetts
92%
Georgia North Carolina | Tennessee Virginia
92%
Kentucky Ohio | West Virginia Pennsylvania
92%
Kentucky Tennessee | Virginia North Carolina
92%
Iowa Wisconsin Michigan
92%
Mississippi Arkansas | Tennessee Missouri
91%
New York Connecticut | Massachusetts Rhode Island
91%
Montana Idaho Nevada
91%
South Dakota Iowa | Minnesota Wisconsin
91%
Ohio Kentucky Tennessee
91%
Ohio Michigan Wisconsin
91%
Arkansas Missouri Iowa
91%
Illinois Missouri Oklahoma
91%
Kentucky Missouri Nebraska
91%
Kentucky Missouri Oklahoma
91%
Arkansas Missouri | Oklahoma Kansas
91%
Massachusetts New York Pennsylvania
91%
Maryland Pennsylvania New York
91%
New Jersey Pennsylvania West Virginia
91%
Mississippi Tennessee Virginia
91%
Colorado Wyoming Montana
91%
California Arizona New Mexico
90%
Louisiana Arkansas | Mississippi Tennessee
90%
Montana Idaho Washington
90%
Oregon Idaho | Nevada Utah
90%
Indiana Illinois | Kentucky Missouri
90%
Indiana Illinois | Michigan Wisconsin
90%
Connecticut Massachusetts New Hampshire
90%
Arkansas Missouri Nebraska
90%
Arkansas Missouri Illinois
90%
Arkansas Missouri | Tennessee Kentucky
90%
Arizona New Mexico Oklahoma
90%
Montana South Dakota | Wyoming Nebraska
90%
Georgia Tennessee Kentucky
90%
Kentucky Virginia | West Virginia Maryland
90%
New Mexico Arizona | Colorado Utah
89%
Louisiana Arkansas Missouri
89%
Illinois Kentucky West Virginia
89%
Indiana Kentucky | Ohio West Virginia
89%
Alabama Mississippi | Tennessee Arkansas
89%
Colorado Nebraska | Wyoming South Dakota
89%
Delaware New Jersey | Pennsylvania New York
89%
Delaware Pennsylvania Ohio
89%
New York Pennsylvania Ohio
89%
Arkansas Tennessee North Carolina
89%
Louisiana Texas New Mexico
89%
Missouri Arkansas | Oklahoma Texas
88%
Illinois Indiana | Kentucky Ohio
88%
Kentucky Indiana | Ohio Michigan
88%
Nebraska Iowa Wisconsin
88%
Rhode Island Massachusetts Vermont
88%
Kansas Missouri Tennessee
88%
Kansas Nebraska South Dakota
88%
Connecticut New York New Jersey
88%
New Jersey Pennsylvania Ohio
88%
Kentucky Tennessee Mississippi
88%
Tennessee Arkansas Texas
87%
Louisiana Arkansas | Texas Oklahoma
87%
Kansas Colorado Utah
87%
Georgia Tennessee Missouri
87%
Oklahoma Colorado Wyoming
86%
Illinois Indiana | Wisconsin Michigan
86%
North Dakota Minnesota Wisconsin
86%
Alabama Tennessee Kentucky
86%
Mississippi Tennessee North Carolina
86%
Missouri Illinois | Iowa Wisconsin
85%
Missouri Kentucky West Virginia
85%
Iowa Missouri Oklahoma
85%
Iowa Missouri Tennessee
85%
California Oregon Washington
85%
Minnesota South Dakota Wyoming
85%
South Dakota Wyoming Utah
85%
Utah Idaho Washington
84%
Nebraska Missouri Tennessee
84%
Alabama Tennessee Missouri
84%
Montana Idaho Oregon
83%
Illinois Kentucky Virginia
83%
Arkansas Oklahoma Colorado
83%
Iowa South Dakota Montana
83%
Missouri Tennessee North Carolina
83%
Iowa Illinois | Missouri Kentucky
82%
Kansas Missouri Kentucky
82%
Arkansas Tennessee Georgia
82%
Arkansas Oklahoma | Texas New Mexico
81%
Maryland Maryland | Pennsylvania New Jersey
80%
No matching quizzes found
Score Distribution
Percent of People with Each Score
Percentile by Number Answered
Your Score History
You have not taken this quiz